000
00222 a2200097 4500
001
1960
100
_a
Bauer,PT
245
_a
Economics of Undergrouth Development countries
260
_a
_b
Cambridge
_c
090
_c
1458
_d
1458
942
_a
NUST-CAE
_c
M
_c
5091
999
_c
237033
_d
237033